000
00297nam a2200121Ia 4500
005
20251222140025.0
008
251222s1900||||xx |||||||||||||| ||spa||
082
_a
176/D44
245
0
_a
Anticoncepción Quirúrgica voluntaria:
250
_a
3a.ed.
264
_b
Defensoria del Pueblo
942
_c
LIB
999
_c
2768
_d
2768